LIBRARY & INFORMATION CENTRE, KCAET, TAVANUR

ONLINE PUBLIC ACCESS CATALOGUE (OPAC)

Water and plant productivity / (Record no. 1970)

MARC details
000 -LEADER
fixed length control field 00470cam a2200193ua 4500
041 ## - LANGUAGE CODE
Language code of text/sound track or separate title eng
082 ## - DEWEY DECIMAL CLASSIFICATION NUMBER
Classification number 581.5
Item number KUD/WA
100 ## - MAIN ENTRY--AUTHOR NAME
Personal name Kudrev, .
245 ## - TITLE STATEMENT
Title Water and plant productivity /
250 ## - EDITION STATEMENT
Edition statement 1 /
260 ## - PUBLICATION, DISTRIBUTION, ETC. (IMPRINT)
Place of publication New Delhi :
Name of publisher Agricole Publishing Academy ,
Year of publication 1988.
300 ## - PHYSICAL DESCRIPTION
Number of Pages 167 ; .
700 1# - ADDED ENTRY--PERSONAL NAME
Personal name Todor, G .
942 ## - ADDED ENTRY ELEMENTS (KOHA)
Koha item type Books
Holdings
Withdrawn status Lost status Damaged status Home library Current library Date acquired Full call number Accession Number Koha item type
      KAUAET KAUAET 07/04/2012 581.5 KUD/WA 17807 Books
free website counter